000 00615nam a2200241Ia 4500
003 OSt
005 20220924144808.0
006 a|||||r|||| 00| 0
007 ta
008 220923b |||||||| |||| 00| 0 urd d
024 _a321875
037 _cTextual
040 _aARTS
_cARTS
_burd
041 _2urd
_aurd
082 _aQ78M9, 168G6
100 _aSadiq Mufti Mohammad Au.
_9218463
245 0 _aZikr-e-Habeeb
260 _c1936
650 _a ISLAM
_9577
650 _aAHAMADIYA
_9186773
942 _hQ78M9, 168G6
_cTEXL
_2CC
999 _c458335
_d458335